000 00659nam a2200289Ia 4500
005 20260324131002.0
008 008 260324s9999 xx 000 0 eng d
020 _a9780203087329
037 _aEBOOK
040 _aCRL
040 _beng
040 _cCRL
041 _2eng
041 _aeng
084 _qCRL
100 _aMorris Low
_91081450
245 0 _aJapan on Display
245 0 _bPhotography and the Emperor
260 _bTaylor and Francis
260 _c2006
365 _a
365 _b255
856 _uhttp://www.taylorfrancis.com/books/9780203087329
942 _cEBOOK
999 _c1780552
_d1780552